=LDR 00000nam 2200000 4500 =001 INLIS000000000017742 =005 20130612112948 =008 ***********************************Ind** =035 ##$$0010-061300000017742 =041 ##$$a Ind =082 ##$$a 610.73 =090 ##$$a 610.73, All m =100 ##$$a Allen, Carol Vestal =245 ##$$a Memahami proses keperawatan dengan pendekatan latihan, Carol Vestal Allen ; alih bahasa, Christantie Effendy =260 ##$$a 2000 $b Jakarta =300 ##$$a xiii, 215 hlm, ilus, 27 cm =650 ##$$a Keperawatan =850 ##$$a NBPNMAT